000 00290nam a2200097Ia 4500
008 241105s9999 xx 000 0 und d
041 _aeng
100 _aRaisoni Sailee
_9182493
245 _aEnergy Efficient Artificial Lighting For Apparel Stores
260 _bM.Arch Environmental, Pune
_c2013
999 _c360782
_d360782